<?xml version="1.0" encoding="UTF-8"?>
<record
    xmlns:xsi="http://www.w3.org/2001/XMLSchema-instance"
    xsi:schemaLocation="http://www.loc.gov/MARC21/slim http://www.loc.gov/standards/marcxml/schema/MARC21slim.xsd"
    xmlns="http://www.loc.gov/MARC21/slim">

  <leader>00547cam a2200193 a 4500</leader>
  <controlfield tag="001">sa 65000690 </controlfield>
  <controlfield tag="003">DLC</controlfield>
  <controlfield tag="005">20260227112104.0</controlfield>
  <controlfield tag="008">841018s1963    pk            000 f urdo </controlfield>
  <datafield tag="010" ind1=" " ind2=" ">
    <subfield code="a">sa 65000690 </subfield>
  </datafield>
  <datafield tag="040" ind1=" " ind2=" ">
    <subfield code="a">DLC</subfield>
    <subfield code="c">DLC</subfield>
  </datafield>
  <datafield tag="050" ind1="0" ind2="0">
    <subfield code="a">PK2199.A285</subfield>
    <subfield code="b">Z49 1963</subfield>
  </datafield>
  <datafield tag="100" ind1="0" ind2=" ">
    <subfield code="a">Ae. &#x100;r. K&#x332;h&#x332;&#x101;t&#x16B;n,</subfield>
    <subfield code="d">1900-1965.</subfield>
  </datafield>
  <datafield tag="245" ind1="1" ind2="0">
    <subfield code="a">Zevar :</subfield>
    <subfield code="b">ek mu&#x2BB;&#x101;sharat&#x12B; va i&#x1E63;l&#x101;&#x1E25;&#x12B; n&#x101;vil /</subfield>
    <subfield code="c">Ae. &#x100;r. K&#x332;h&#x332;&#x101;t&#x16B;n.</subfield>
  </datafield>
  <datafield tag="260" ind1=" " ind2=" ">
    <subfield code="a">L&#x101;haur :</subfield>
    <subfield code="b">Mark&#x332;h&#x332;zan-i Adab,</subfield>
    <subfield code="c">1963.</subfield>
  </datafield>
  <datafield tag="300" ind1=" " ind2=" ">
    <subfield code="a">2 v. ;</subfield>
    <subfield code="c">19 cm.</subfield>
  </datafield>
  <datafield tag="500" ind1=" " ind2=" ">
    <subfield code="a">Novel.</subfield>
  </datafield>
  <datafield tag="546" ind1=" " ind2=" ">
    <subfield code="a">In Urdu.</subfield>
  </datafield>
  <datafield tag="999" ind1=" " ind2=" ">
    <subfield code="c">61668</subfield>
    <subfield code="d">61668</subfield>
  </datafield>
</record>
